U.S. States Bigger than the U.K. - Statistics

General Stats
  • This quiz has been taken 91 times
  • The average score is 9 of 11
Answer Stats
State Area (sq mi) Area (sq km) % Correct
Texas 268,596 695,662
99%
California 163,696 423,970
96%
Alaska 663,267 1,717,856
91%
Montana 147,040 380,831
88%
Arizona 113,990 295,234
82%
Nevada 110,572 286,380
80%
New Mexico 121,590 314,917
77%
Colorado 104,094 269,837
74%
Wyoming 97,813 253,600
72%
Oregon 98,381 254,800
68%
Michigan 96,714 250,493
55%
No matching quizzes found
Score Distribution
Percent of People with Each Score
Percentile by Number Answered
Your Score History
You have not taken this quiz